Регионална библиотека "Любен Каравелов" - Русе

Кой събуди гората (Запис номер 136398)

MARC детайли
000 -Лидер
Контролно поле с фиксирана дължина nam a22 a 4500
003 - Код на организацията, давaща контролен номер
Контролно поле BLK
005 - Дата и час на последна редакция
Контролно поле 20210205115450.0
008 - Елементи от данни с фиксирана дължина
fixed length control field 180409b bul|||||r ||||||| ||bul||
010 ## - Наследен системен номер
LC control number KNG00142339000
040 ## - Източник на каталожния запис
Идентификатор на билиотеката - собственик на записа BLK
041 ## - Код за език
Код за езика на текст/звукозапис или на отделно заглавие Български
Код за езика КДБФ Български
080 ## - УДК
Текстов определител УДК Българска литература
УДК код - определител по УДК 821.163.2
УДК определител -93-34
УДК - код + определител 821.163.2-93-34
100 1# - Редна дума - Автор
Автор Голев, Владимир Иванов
Авторска отговорност първи автор
R(LIN) 365746
139 ## - Редно поле
Редна дума Голев, Владимир Иванов
Авторски знак Гол - Г 63
245 10 - Сведения за заглавието
Заглавие Кой събуди гората
Подзаглавни данни Приказка в стихове
Редно поле (дума) Владимир Иванов Голев; ил. Калина Петрова Тасева; ил. Юли Стефанов Минчев.
257 ## - Страна на издаване
Страна на създаване/издаване България
260 ## - Област на издателските данни
Име на издателя, разпространителя и проч. Бълг. писател
Година на издаване 1969
Място на издаване, разпространение и проч. София
300 ## - Физическа характеристика
Страници 16 с.
Илюстрации и др. с ил.
Размери/Мащаб 37 см
380 ## - Жанр
Жанр Детска худож. лит.
500 ## - Общи забележки
Забележка 30 100 тир.
700 1# - Други автори (авторска отговорност)
Лично име Тасева, Калина Петрова
Автороска отговорност (Описва отношението между автора и произведението) ил.
9 (RLIN) 378904
700 1# - Други автори (авторска отговорност)
Лично име Минчев, Юли Стефанов
Автороска отговорност (Описва отношението между автора и произведението) ил.
9 (RLIN) 378905
852 ## - Местоположение
Форматна сигнатура Цб ІІ 17600
856 4# - Електронен адрес и достъп
Електронен формат pdf - файл
856 4# - Електронен адрес и достъп
Електронен формат pdf - файл
999 ## - СИСТЕМНИ КОНТРОЛНИ НОМЕРА
Koha biblionumber 136398
Koha biblioitemnumber 136398
942 ## - АРТИКУЛИ
Вид на библиотечния материал Книги
Скрит в OPAC Не
Периодичен библиозапис Да
944 ## - СЪЗДАВАНЕ И РЕДАКЦИЯ на ЗАПИСА
Създаване/Редакция Създаване
Дата на регистрацията/редакция 23.04.2013
Статус, дата на статуса 23.04.2013 - от С1,Р / 23.04.2013
Служител, извършил регистрацията/редакцията Севдалина_Василева
944 ## - СЪЗДАВАНЕ И РЕДАКЦИЯ на ЗАПИСА
Създаване/Редакция Редакция
Дата на регистрацията/редакция 23.04.2013
Статус, дата на статуса 23.04.2013 - от С1,Р / 23.04.2013
999 ## - СИСТЕМНИ КОНТРОЛНИ НОМЕРА
Koha biblioitemnumber 136398
Наличности
Код за отписване Код за изгубен артикул Източник на класификационната схема Код за повреда Коз за рестрикции Код за отдаване Артикулен № Име на библиотеката - собственик Име на библиотеката, в която се намира в момента Статус (Текущо местоположение) Дата на вписване в системата Местоположение - отдел Цена в лева Инвентарен номер Систематично азбучна сигнатура Баркод Номер на екземпляра Цена в евро Служебна бележка Служебен тип на артикула
  Не е изгубен Universal Decimal Classification Не е повреден само за читалня ползва се в читалня 222880 Регионална библиотека "Любен Каравелов" Русе Регионална библиотека "Любен Каравелов" Русе Хранилище 1969-01-01 Хранилище 0.18 48153 Цб ІІ 17600 120000048153 1 0.09 Дост: Dp Вид: Д N: стар фонд Дата: 01.01.1969 Книги
Изтеглен Не е изгубен Universal Decimal Classification Не е повреден без рестрикции заемане за дома 222881 Регионална библиотека "Любен Каравелов" Русе Регионална библиотека "Любен Каравелов" Русе Детски отдел 1969-01-01 Детски отдел 0.18 48603 ДХ 886.7/Г 63 48603 2 0.09 Дост: Pk Вид: Ф N: стар фонд Дата: 01.01.1969 Дата инв: 12.08.2015 Бележки инв: Д2015 Книги
  Не е изгубен Universal Decimal Classification Не е повреден без рестрикции заемане за дома 222882 Регионална библиотека "Любен Каравелов" Русе Регионална библиотека "Любен Каравелов" Русе Детски отдел 1969-01-01 Детски отдел 0.18 76904 ДХ 886.7/Г 63 120000076904 3 0.09 Дост: Pk Вид: Ф N: стар фонд Дата: 01.01.1969 Дата инв: 18.09.2015 Бележки инв: Д2015 Книги
Vip Innovations Ltd, Rousse, Bulgaria 2025